Developing educational leadership : (Record no. 49643)
| 000 -LEADER | |
|---|---|
| fixed length control field | 00586aam a22001571a 4500 |
| 020 ## - INTERNATIONAL STANDARD BOOK NUMBER | |
| Cancelled/invalid ISBN | 0761949380 |
| 072 #7 - SUBJECT CATEGORY CODE | |
| Subject category code | EDU |
| Subject category code subdivision | 036000 |
| Source | bisacsh |
| 245 00 - TITLE STATEMENT | |
| Title | Developing educational leadership : |
| Remainder of title | using evidence for policy and practice / |
| Statement of responsibility, etc | edited by Lesley Anderson and Nigel Bennett. |
| 260 ## - PUBLICATION, DISTRIBUTION, ETC. (IMPRINT) | |
| Place of publication, distribution, etc | London ; |
| -- | Thousand Oaks, Calif. : |
| Name of publisher, distributor, etc | Sage, |
| Date of publication, distribution, etc | 2003. |
| 300 ## - PHYSICAL DESCRIPTION | |
| Extent | 188 pages. |
| 504 ## - BIBLIOGRAPHY, ETC. NOTE | |
| Bibliography, etc | Includes bibliographical references and index. |
| 650 #7 - SUBJECT ADDED ENTRY--TOPICAL TERM | |
| Topical term or geographic name as entry element | Educational leadership. |
| 9 (RLIN) | 86683 |
| 700 1# - ADDED ENTRY--PERSONAL NAME | |
| Personal name | Anderson, Lesley, |
| Dates associated with a name | 1951- |
| 9 (RLIN) | 86770 |
| 700 1# - ADDED ENTRY--PERSONAL NAME | |
| Personal name | Bennett, Nigel, |
| Dates associated with a name | 1949 June 20- |
| 9 (RLIN) | 86771 |
| 942 ## - ADDED ENTRY ELEMENTS (KOHA) | |
| Source of classification or shelving scheme | |
| Koha item type | Teacher's Resources |
| Withdrawn status | Lost status | Source of classification or shelving scheme | Damaged status | Not for loan | Collection code | Home library | Current library | Shelving location | Date acquired | Full call number | Barcode | Date last seen | Price effective from | Koha item type |
|---|---|---|---|---|---|---|---|---|---|---|---|---|---|---|
| TEACHERS' RESOURCES | Asian Hope Secondary Library | Asian Hope Secondary Library | SECONDARY | 10/10/2025 | 371.2 AND | 208315 | 10/10/2025 | 10/10/2025 | Teacher's Resources |